000 00975nam a2200289 i 4500
003 EG-GICUC
005 20260301192159.0
008 260301s1986 sz ||||fr|||| 00| 0 fre d
040 _aEG-GiCUC
_bfre
_cEG-GiCUC
_dEG-GiCUC
_eRda
082 0 4 _221
_a341.48
_bAB .R
092 0 4 _221
099 _aLaw1 11 341.48 AB .R 1986
100 1 _aAbi-saab, Rosemary
_eAuteur
245 1 0 _aDroit Humanitaire Et Conflits Internes :
_bOrigines Et Évolution De La Réglementation Internationale /
_cRosemary Abi-saab.
_n
264 3 _a Geneve :
_bInstitut Henry-dunant,
_c1986.
300 _a280page :
_billustration ;
_c 24 cm.
336 _2rda contenu
_a texte
337 _2rda medias
_aOrdinateur
338 _2 transporteur rda
_a Ressource en ligne
504 _a
546 _aTexte en français
650 1 4 _aDroit international public
_2
651 1 _2
856 4 0 _uhttps://fll.law.cu.edu.eg/fulltext/bks/B11-09208.pdf
905 _a50
942 _2ddc
_cBK
_e21
_n0
999 _c64542
_d64542